<?xml version="1.0" encoding="UTF-8"?>
<collection xmlns="http://www.loc.gov/MARC21/slim">
  <record>
    <leader>00000nam  2200000   4500</leader>
    <controlfield tag="001">INLIS000000000012016</controlfield>
    <controlfield tag="005">20220321081955</controlfield>
    <datafield tag="035" ind1="#" ind2="#">
      <subfield code="a">0010-0322000245</subfield>
    </datafield>
    <datafield tag="245" ind1="1" ind2="#">
      <subfield code="a">",STOP GEPENG", ( Serius Tetap Optimal Penanganan Gelandangan Pengemis ) Bidang Rehabilitas Sosial Dinas Sosial Kutai Timur /</subfield>
      <subfield code="c">Dr. H. Ernata Hadi Sujito, S. Sos., M. Si</subfield>
    </datafield>
    <datafield tag="100" ind1=" " ind2="#">
      <subfield code="a">SUJITO, Ernata Hadi</subfield>
    </datafield>
    <datafield tag="250" ind1="#" ind2="#">
      <subfield code="a">1</subfield>
    </datafield>
    <datafield tag="300" ind1="#" ind2="#">
      <subfield code="a">xiv, 54 halaman; lampiran :</subfield>
      <subfield code="b">ilustrasi ;</subfield>
      <subfield code="c">30 cm</subfield>
    </datafield>
    <datafield tag="260" ind1="#" ind2="#">
      <subfield code="a">Samarinda :</subfield>
      <subfield code="b">Puslatbang KDOD,</subfield>
      <subfield code="c">2021</subfield>
    </datafield>
    <datafield tag="084" ind1="#" ind2="#">
      <subfield code="a">PKA 048 2021</subfield>
    </datafield>
    <datafield tag="650" ind1="#" ind2="4">
      <subfield code="a">Proyek Perubahan</subfield>
    </datafield>
    <datafield tag="650" ind1="#" ind2="4">
      <subfield code="a">Administrator</subfield>
    </datafield>
    <datafield tag="650" ind1="#" ind2="4">
      <subfield code="a">kebijakan pemerintah</subfield>
    </datafield>
    <datafield tag="650" ind1="#" ind2="4">
      <subfield code="a">kesejahteraan masyarakat</subfield>
    </datafield>
    <datafield tag="650" ind1="#" ind2="4">
      <subfield code="a">tuna griya</subfield>
    </datafield>
    <datafield tag="650" ind1="#" ind2="4">
      <subfield code="a">razia masyarakat</subfield>
    </datafield>
    <datafield tag="650" ind1="#" ind2="4">
      <subfield code="a">inovasi pemerintah</subfield>
    </datafield>
    <datafield tag="520" ind1="#" ind2="#">
      <subfield code="a">Laporan proyek perubahan ini menjelaskan perlu adanya pembuatan sarana regulasi yang kuat (Peraturan Bupati) Penanganan Masalah Gelandangan Pengemis yang masih beroperasi di wilayah    Kutai Timur walaupun sudah diadakan razia. Proyek Perubahan Serius, Tetap Optimal Penanganan Gelandangan Pengemis ( STOP Gepeng) adalah upaya Penanganan Masalah Kesejahteraan Sosial (PMKS) khususnya Gelandangan Pengemis di wilayah Kabupaten Kutai Timur dengan melibatkan kerjasama antar instansi pemerintah terkait, pihak swasta, pihak pihak Upaya Pelayanan Kesejahteraan Sosial (UPKS) dan panti asuhan</subfield>
    </datafield>
    <datafield tag="500" ind1="#" ind2="#">
      <subfield code="a">Coach : Muhammad Abdi Rahman, S.Sos, M.Si&#13;
Penguji : Meita Ahadiyati Kartikaningsih, S.Si, MPP,Ph.D&#13;
Mentor : Dr. Drs. Jamiatulkhair, M.Si</subfield>
    </datafield>
    <datafield tag="990" ind1="#" ind2="#">
      <subfield code="a">PKA/048/2021</subfield>
    </datafield>
  </record>
</collection>
